000 00540nam a2200181Ia 4500
008 151018s9999 xx 000 0 und d
082 _bRBASDV35914
_a891.433
100 _aअय्यर जोशी
245 _aएक पेड की याद
250 _b1
260 _bसंभावना
_c2003
300 _a110
600 _aअय्यर जोशी
630 _aएक पेड की याद
700 _aअय्यर जोशी
730 _aएक पेड की याद
942 _cBOOK
999 _c1035385
_d1035382